000
00322nam a2200133Ia 4500
005
20251222143243.0
008
251222s9999||||xx |||||||||||||| ||spa||
082
_a
480/D35
100
_a
De Lezama y Urrutia, Yosu
245
0
_a
Introducción a las Lenguas Clásicas
250
_a
4a.ed.
264
_b
Usta
942
_c
LIB
999
_c
14641
_d
14641